[Event "Purim!"]
[Site "SchemingMind.com"]
[Date "2008.03.19"]
[Round "-"]
[White "roboam"]
[Black "Archon"]
[Result "1-0"]
[WhiteCountry "ESP"]
[BlackCountry "CAN"]
[WhiteElo "1718"]
[WhiteRD "74"]
[BlackElo "1776"]
[BlackRD "57"]
[GameID "146733"]

1. e4 d6 2. d4 Nf6 3. Nc3 g6 4. Nf3 Bg7 5. Be3 O-O 6. Bd3 Bg4 7. h3 Bxf3 8. Qxf3 Nc6 9. O-O e5 10. d5 Ne7
11. Qd1 Nd7 12. a3 f5 13. f3 f4 14. Bf2 g5 15. Ne2 Ng6 16. b4 a6 17. c4 h5 18. Kh1 g4 19. hxg4 hxg4 20. fxg4 Kf7
21. Ng1 Rh8+ 22. Nh3 Qf6 23. Qf3 Nh4 24. g5 Nxf3 25. gxf6 Bxf6 26. gxf3 Rxh3+ 27. Kg2 Rah8 28. Rh1 Rxh1 29. Rxh1 Rg8+ 30. Kf1 Be7
31. Rh7+ Rg7 32. Rxg7+ Kxg7 33. Kg2 Kg6 34. Kh3 Kh5 35. a4 Bg5 36. a5 Be7 37. Be1 Nf8 38. b5 axb5 39. cxb5
1-0

[Event "Purim!"]
[Site "SchemingMind.com"]
[Date "2008.03.19"]
[Round "-"]
[White "MazetaFighter"]
[Black "Archon"]
[Result "1-0"]
[WhiteCountry "GRE"]
[BlackCountry "CAN"]
[WhiteElo "1956"]
[WhiteRD "79"]
[BlackElo "1776"]
[BlackRD "57"]
[GameID "146735"]

1. e4 d6 2. d4 Nf6 3. Nc3 g6 4. Be3 c6 5. Qd2 b5 6. f3 Nbd7 7. g4 Nb6 8. Bd3 Bb7 9. h4 h5 10. g5 Nfd7
11. f4 Bg7 12. Nf3
1-0

[Event "Purim!"]
[Site "SchemingMind.com"]
[Date "2008.03.19"]
[Round "-"]
[White "Clive Everill"]
[Black "agarr"]
[Result "0-1"]
[WhiteCountry "CZE"]
[BlackCountry "RUS"]
[WhiteElo "1669"]
[WhiteRD "47"]
[BlackElo "1783"]
[BlackRD "64"]
[GameID "146817"]

1. Nf3 Nc6 2. g3 e5 3. d3 d5 4. Bg2 Be6 5. O-O Nf6 6. Bg5 Be7 7. Nc3 O-O 8. e4 d4 9. Ne2 h6 10. Bd2 Nh7
11. Qc1 Ng5 12. Nxg5 Bxg5 13. Bxg5 Qxg5 14. f4 exf4 15. Nxf4 Bg4 16. Qe1 Rae8 17. Nd5 f5 18. Nxc7 Re7 19. Nd5 Rd7 20. Nf4 fxe4
21. Bxe4 Ne5 22. Qb4 h5 23. Bd5+ Nf7 24. Qxd4 Kh8 25. Ne6 Bxe6 26. Qc5 Bxd5 27. Qxf8+ Kh7 28. Rae1 b6 29. Qe8 Rd6 30. Rxf7 Bxf7
31. Qxf7 Qc5+ 32. Kh1 Rf6 33. Qb7 Qf2 34. Qe4+ g6 35. Qe7+ Rf7 36. Qe4 Qxc2 37. Re2 Qc1+ 38. Re1 Rf1+ 39. Kg2 Qxe1 40. Qb7+ Kh6
41. Qxa7 Rf2+ 42. Kh3 Qe6+
0-1

[Event "Purim!"]
[Site "SchemingMind.com"]
[Date "2008.03.19"]
[Round "-"]
[White "Clive Everill"]
[Black "Miael_"]
[Result "1-0"]
[WhiteCountry "CZE"]
[BlackCountry "ARG"]
[WhiteElo "1669"]
[WhiteRD "47"]
[BlackElo "1552"]
[BlackRD "62"]
[GameID "146818"]

1. b3 e5 2. Bb2 Nc6 3. g3 d5 4. Bg2 g6 5. e4 d4 6. Nf3 Bg7 7. d3 Bg4 8. Nbd2 Nf6 9. h3 Bxf3 10. Nxf3 O-O
11. Qe2 Re8 12. Bc1 a6 13. Bg5 Qc8 14. h4 h6 15. Bd2 Nd8 16. O-O-O c5 17. Bh3 Qc7 18. Kb2 a5 19. g4 a4 20. g5 hxg5
21. hxg5 Nh5 22. Bg4
1-0

[Event "Purim!"]
[Site "SchemingMind.com"]
[Date "2008.03.21"]
[Round "-"]
[White "Clive Everill"]
[Black "calidore"]
[Result "0-1"]
[WhiteCountry "CZE"]
[BlackCountry "ISR"]
[WhiteElo "1669"]
[WhiteRD "47"]
[BlackElo "1983"]
[BlackRD "62"]
[GameID "146819"]

1. e4 Nf6 2. e5 Nd5 3. c4 Nb6 4. d4 d6 5. exd6 cxd6 6. Nf3 g6 7. Be2 Bg7 8. Be3 O-O 9. O-O e5 10. dxe5 dxe5
11. Nc3 Be6 12. Bxb6 Qxb6 13. Qb3 Nd7 14. Ng5 Qxb3 15. axb3 Bf5 16. Nb5 h6 17. Nf3 a6 18. Nc7 Rac8 19. Nd5 Rfe8 20. Nh4 Bc2
21. b4 Nf6 22. Nb6 Rcd8 23. Bd1 Bd3 24. Re1 e4 25. Bb3 Nd7 26. Nxd7 Rxd7 27. Ra2 Bf6 28. Nf3 Rc8 29. Nd2 Re7 30. c5 Kf8
31. f3 e3 32. Ne4 Bxe4 33. fxe4 Rxe4 34. Kf1 Rd8 35. c6 bxc6 36. Rxa6 Rd2 37. Rxc6 Rf4+ 38. Kg1 Rff2 39. Rc8+ Kg7 40. Rxe3 Rxg2+
41. Kf1 Rxh2 42. Kg1 Bd4 43. Re8 Rhe2 44. Kf1 Rxe3 45. Rxe3 Bxe3
0-1

[Event "Purim!"]
[Site "SchemingMind.com"]
[Date "2008.03.19"]
[Round "-"]
[White "Clive Everill"]
[Black "Archon"]
[Result "1/2-1/2"]
[WhiteCountry "CZE"]
[BlackCountry "CAN"]
[WhiteElo "1669"]
[WhiteRD "47"]
[BlackElo "1776"]
[BlackRD "57"]
[GameID "146820"]

1. b3 d5 2. Bb2 Bg4 3. Nf3 Bxf3 4. exf3 e6 5. Bd3 Nf6 6. O-O Be7 7. c4 c6 8. Nc3 Nbd7 9. Qc2 Qc7 10. cxd5 cxd5
11. Rac1 Rc8 12. Qb1 Qb8 13. Rc2 O-O 14. Rfc1 Rfd8 15. Ne2 Rxc2 16. Bxc2 Nf8 17. Ng3 Rc8 18. f4 Rc6 19. Be5 Qd8 20. Ne2 Ba3
21. Bb2 Bxb2 22. Qxb2 Qc8 23. Bd3 Rxc1+ 24. Nxc1 N8d7 25. Ne2 h6 26. Nd4 Qc7 27. f5 e5 28. Nb5 Qb8 29. Be2 a6 30. Nc3 Qd6
31. f3 d4 32. Ne4 Nxe4 33. fxe4 b5 34. d3 Nc5 35. g4 Qe7 36. Kg2 Qg5 37. Qc2 Nd7 38. Qc8+ Nf8 39. Qxa6 Qd2 40. Kf2 Qe3+
41. Ke1 Qc1+ 42. Kf2 Qe3+=
1/2-1/2

[Event "Purim!"]
[Site "SchemingMind.com"]
[Date "2008.03.19"]
[Round "-"]
[White "Clive Everill"]
[Black "roboam"]
[Result "0-1"]
[WhiteCountry "CZE"]
[BlackCountry "ESP"]
[WhiteElo "1669"]
[WhiteRD "47"]
[BlackElo "1718"]
[BlackRD "74"]
[GameID "146821"]

1. c4 Nf6 2. Nc3 e5 3. g3 Nc6 4. Bg2 d6 5. Nf3 Be7 6. d4 O-O 7. O-O Bd7 8. d5 Na5 9. b3 b6 10. Ne1 Nb7
11. Nd3 Rb8 12. f4 exf4 13. Bxf4 Qc8 14. Nf2 Re8 15. e4 c5 16. Re1 Ng4 17. Nd3 Nf6 18. e5 dxe5 19. Nxe5 Nd6 20. Nxd7 Qxd7
21. Re2 Rbc8 22. Qd2 Nh5 23. Be3 Nf6 24. Rae1 Bf8 25. Bf4 Rxe2 26. Rxe2 Re8 27. Rxe8 Ndxe8 28. Ne4 Nxe4 29. Bxe4 Nf6 30. Bg2 Bd6
31. Bg5 Be7 32. Qf4 Nh5 33. Qb8+ Bf8 34. Qa8 h6 35. Bd2 Nf6 36. Qc6 Qxc6 37. dxc6 Bd6 38. Bf4 Bxf4 39. gxf4 Ne8 40. Bh3 Kf8
41. Bd7 Nc7 42. Kf2 Ke7 43. Ke3 Kd6 44. Ke4 Ne6 45. a3 Nd4 46. b4 Nxc6 47. Bxc6 Kxc6 48. Ke5 a6 49. h4 cxb4 50. axb4 a5
51. bxa5 bxa5 52. Kd4 a4 53. Kc3 Kc5 54. h5 f5 55. Kb2 Kxc4 56. Ka3 Kd4 57. Kxa4 Ke4
0-1

[Event "Purim!"]
[Site "SchemingMind.com"]
[Date "2008.03.20"]
[Round "-"]
[White "Clive Everill"]
[Black "mmccaffe"]
[Result "1-0"]
[WhiteCountry "CZE"]
[BlackCountry "USA"]
[WhiteElo "1669"]
[WhiteRD "47"]
[BlackElo "1630"]
[BlackRD "50"]
[GameID "146822"]

1. d4 Nf6 2. Nc3 d5 3. Bg5 e6 4. e4 Be7 5. e5 Nfd7 6. Bxe7 Qxe7 7. f4 c5 8. Nb5 cxd4 9. Qxd4 Nb6 10. Nd6+ Kf8
11. Bb5 g5 12. Nf3 gxf4 13. Qxf4 Bd7 14. Qh6+ Kg8 15. Bxd7 N8xd7 16. O-O
1-0

[Event "Purim!"]
[Site "SchemingMind.com"]
[Date "2008.03.19"]
[Round "-"]
[White "Clive Everill"]
[Black "MazetaFighter"]
[Result "0-1"]
[WhiteCountry "CZE"]
[BlackCountry "GRE"]
[WhiteElo "1669"]
[WhiteRD "47"]
[BlackElo "2002"]
[BlackRD "69"]
[GameID "146823"]

1. Nf3 d5 2. d4 Nf6 3. c4 e6 4. Nc3 c6 5. Bg5 h6 6. Bh4 dxc4 7. e4 g5 8. Bg3 b5 9. Be2 Bb7 10. O-O Nbd7
11. d5 exd5 12. exd5 Bc5 13. dxc6 Bxc6 14. Ne5 Nxe5 15. Bxe5 Be7 16. Bh5 b4 17. Ne2 O-O 18. Ng3 Qxd1 19. Rfxd1 Nxh5 20. Nxh5 f6
21. Bc7 Rac8 22. Bd6 Kf7 23. Ng3 Bxd6 24. Rxd6 Kg6 25. Ne2 Rfd8 26. Rad1 Rxd6 27. Rxd6 c3 28. bxc3 bxc3 29. Rd1 c2 30. Rc1 Ba4
31. f3 Rd8 32. Nc3 Rd1+ 33. Nxd1 cxd1=Q+ 34. Rxd1 Bxd1 35. Kf2 Kf5 36. g3 Ke5 37. Ke3 Kd5 38. f4 g4 39. Kd3 Kc5 40. Kc3 f5
41. Kd2 Bf3 42. Kc3 Be4 43. a3 a6
0-1

[Event "Purim!"]
[Site "SchemingMind.com"]
[Date "2008.03.19"]
[Round "-"]
[White "agarr"]
[Black "Clive Everill"]
[Result "1/2-1/2"]
[WhiteCountry "RUS"]
[BlackCountry "CZE"]
[WhiteElo "1783"]
[WhiteRD "64"]
[BlackElo "1669"]
[BlackRD "47"]
[GameID "146824"]

1. e4 e5 2. Nf3 Nc6 3. Bc4 Nf6 4. O-O h6 5. c3 d5 6. exd5 Nxd5 7. Re1 Bc5 8. b4 Bb6 9. a4 a5 10. b5 Na7
11. Rxe5+ Be6 12. Bxd5 O-O 13. Bxe6 fxe6 14. Rxe6 Qd7 15. Qe2 Rad8 16. d4 Nc8 17. c4 c5 18. Rxb6 Nxb6 19. d5 Nc8 20. Bf4 Rxf4
21. Nbd2 Re8 22. Qd3 Nb6 23. Nb3 Rxc4 24. Nxa5 Qxd5 25. Qxd5+ Nxd5 26. Nxb7 Re2 27. Nd6 Rcc2 28. Rf1 Ra2 29. Nb7 c4 30. a5 c3
31. a6 Reb2 32. Nd4 Ne3 33. Re1 Ng4 34. f3 Rxg2+ 35. Kh1 Rxh2+ 36. Kg1 Rag2+ 37. Kf1 Rf2+ 38. Kg1 Ra2 39. fxg4 Rag2+ 40. Kf1 Rf2+=
1/2-1/2

[Event "Purim!"]
[Site "SchemingMind.com"]
[Date "2008.03.19"]
[Round "-"]
[White "Miael_"]
[Black "Clive Everill"]
[Result "0-1"]
[WhiteCountry "ARG"]
[BlackCountry "CZE"]
[WhiteElo "1552"]
[WhiteRD "62"]
[BlackElo "1669"]
[BlackRD "47"]
[GameID "146825"]

1. e4 d5 2. exd5 Qxd5 3. Nc3 Qd6 4. Nf3 Nf6 5. d4 Bd7 6. Be3 Nc6 7. Bb5 Nd5 8. Nxd5 Qxd5 9. c4 Qf5 10. d5 Ne5
11. Nh4 Qg4 12. Qxg4 Nxg4 13. Bxd7+ Kxd7 14. O-O-O Nxe3 15. fxe3 Re8 16. Rhf1 f6 17. e4 g5 18. Nf5 Kc8 19. b3 h5 20. Rde1 e6
0-1

[Event "Purim!"]
[Site "SchemingMind.com"]
[Date "2008.03.24"]
[Round "-"]
[White "calidore"]
[Black "Clive Everill"]
[Result "1-0"]
[WhiteCountry "ISR"]
[BlackCountry "CZE"]
[WhiteElo "1920"]
[WhiteRD "64"]
[BlackElo "1680"]
[BlackRD "52"]
[GameID "146826"]

1. e4 e6 2. d4 d5 3. e5 c5 4. c3 Nc6 5. Nf3 Bd7 6. Bd3 Qb6 7. O-O Be7 8. Nbd2 cxd4 9. cxd4 Nxd4 10. Nxd4 Qxd4
11. Nf3 Qa4 12. Qe2 f6 13. Be3 Rc8 14. Nd4 Bc5 15. Nxe6 Bxe3 16. fxe3 Kf7 17. exf6 Nxf6 18. Nf4 Bg4 19. Qd2 Ke7 20. b3 Qe8
21. Qb4+ Kd8 22. Nxd5 Nxd5 23. Qxg4 Qxe3+ 24. Kh1 Qxd3 25. Rfd1 Qb5 26. Qxg7 Re8 27. Qg5+ Kc7 28. Rxd5 Qe2 29. Qf4+ Kb6 30. Qb4+
1-0

[Event "Purim!"]
[Site "SchemingMind.com"]
[Date "2008.03.20"]
[Round "-"]
[White "Archon"]
[Black "Clive Everill"]
[Result "1/2-1/2"]
[WhiteCountry "CAN"]
[BlackCountry "CZE"]
[WhiteElo "1776"]
[WhiteRD "57"]
[BlackElo "1669"]
[BlackRD "47"]
[GameID "146827"]

1. Nf3 d5 2. c4 c6 3. g3 Nf6 4. Bg2 dxc4 5. Qc2 b5 6. b3 cxb3 7. axb3 e6 8. O-O Bb7 9. Ba3 Be7 10. Bxe7 Qxe7
11. d3 O-O 12. Nbd2 Nbd7 13. Rfc1 Nb6 14. b4 Nbd5 15. Ne5 Nxb4 16. Nxc6 Qd6 17. Nxb4 Bxg2 18. Kxg2 Qxb4 19. Rcb1 Qd4 20. Nf3 Qb6
21. h3 Rfc8 22. Qb2 a6 23. Qb4 Nd5 24. Qa5 Qd6 25. Rxb5 axb5 26. Qxa8 Rxa8 27. Rxa8+ Qf8 28. Rxf8+ Kxf8 29. Kf1 Ke7 30. Ke1 h6
31. Kd2 Kd6 32. Kc2 Kc5 33. Kb3 f6 34. Nd2 f5 35. Nb1 g5 36. Nc3 Nf6 37. Na2 h5 38. Nb4 e5 39. Nc2 f4 40. Kc3 Nd5+
41. Kb3 fxg3 42. fxg3 h4 43. gxh4 gxh4 44. e3 Nf6 45. Ne1 Nh7 46. Nf3 Ng5 47. Nxe5 Nxh3 48. Ng6 Nf2 49. d4+ Kc6 50. Nxh4 Ng4
51. e4 Nf2 52. e5 Kd5=
1/2-1/2

[Event "Purim!"]
[Site "SchemingMind.com"]
[Date "2008.03.19"]
[Round "-"]
[White "roboam"]
[Black "Clive Everill"]
[Result "0-1"]
[WhiteCountry "ESP"]
[BlackCountry "CZE"]
[WhiteElo "1718"]
[WhiteRD "74"]
[BlackElo "1669"]
[BlackRD "47"]
[GameID "146828"]

1. e4 c6 2. d4 d5 3. Nc3 g6 4. e5 Bf5 5. Nf3 Bh6 6. Bxh6 Nxh6 7. Bd3 O-O 8. Bxf5 Nxf5 9. O-O Qb6 10. Rb1 Nd7
11. Na4 Qc7 12. Nc3 e6 13. Qd2 Kg7 14. Nd1 c5 15. Ne3 Nxd4 16. Nxd4 cxd4 17. Qxd4 b5 18. f4 Nb6 19. b3 a5 20. Rfc1 Nd7
21. Qd3 b4 22. c3 Qa7 23. cxb4 axb4 24. Ra1 f6 25. exf6+ Nxf6 26. Kh1 Ne4 27. Qe2 Rxf4 28. Rf1 Nc3 29. Qd3 Rd4 30. Qc2 Re4
31. Nd1 Re2 32. Nxc3 Rxc2
0-1

[Event "Purim!"]
[Site "SchemingMind.com"]
[Date "2008.03.20"]
[Round "-"]
[White "mmccaffe"]
[Black "Clive Everill"]
[Result "1/2-1/2"]
[WhiteCountry "USA"]
[BlackCountry "CZE"]
[WhiteElo "1630"]
[WhiteRD "50"]
[BlackElo "1669"]
[BlackRD "47"]
[GameID "146829"]

1. e4 d5 2. exd5 Qxd5 3. Nc3 Qe6+ 4. Qe2 Nf6 5. Qxe6 Bxe6 6. Nf3 g6 7. Bb5+ c6 8. Ba4 Bg7 9. d3 O-O 10. O-O Nbd7
11. Bd2 Nc5 12. Bb3 Nxb3 13. axb3 Rfd8 14. Ng5 Bd7 15. Rfe1 e6 16. Be3 Nd5 17. Nxd5 exd5 18. Rxa7 d4 19. Rxa8 Rxa8 20. Bd2= Bh6
21. h4 f6 22. Nf3 Bxd2 23. Nxd2 Ra2 24. Re7 Bf5 25. Rxb7 Rxb2 26. Nf3 Rxc2 27. Nxd4 Rc1+ 28. Kh2 Bxd3 29. Rc7 c5 30. Ne6=
1/2-1/2

[Event "Purim!"]
[Site "SchemingMind.com"]
[Date "2008.03.19"]
[Round "-"]
[White "MazetaFighter"]
[Black "Clive Everill"]
[Result "1-0"]
[WhiteCountry "GRE"]
[BlackCountry "CZE"]
[WhiteElo "1956"]
[WhiteRD "79"]
[BlackElo "1680"]
[BlackRD "52"]
[GameID "146830"]

1. e4 a6 2. d4 b5 3. Bd3 Bb7 4. Nf3 e6 5. O-O c5 6. c3 c4 7. Bc2 Nf6 8. Re1 Be7 9. d5 O-O 10. d6 Bxd6
11. Qxd6 Ne8 12. Qg3 g6 13. Bh6 Ng7 14. Nbd2 d5 15. Rad1 Nd7 16. Bxg7 Kxg7 17. e5 h6 18. h4 Nc5 19. Nf1 Qe7 20. N1h2 Ne4
21. Bxe4 dxe4 22. Nd4 f5 23. exf6+ Qxf6 24. Ng4 Qe7 25. Qe5+ Kh7 26. Nxe6 Rf5 27. Ng5+ Qxg5 28. Rd7+
1-0

[Event "Purim!"]
[Site "SchemingMind.com"]
[Date "2008.03.20"]
[Round "-"]
[White "capablanca"]
[Black "agarr"]
[Result "1-0"]
[WhiteCountry "GER"]
[BlackCountry "RUS"]
[WhiteElo "1810"]
[WhiteRD "65"]
[BlackElo "1783"]
[BlackRD "64"]
[GameID "146868"]

1. e4 e5 2. Nf3 Nc6 3. Bb5 Bc5 4. c3 a6 5. Ba4 b5 6. Bc2 d6 7. d4 exd4 8. cxd4 Bb6 9. O-O Bg4 10. d5 Nd4
11. Nbd2 Nxc2 12. Qxc2 Ne7 13. h3 Bh5 14. b3 Bxf3 15. Nxf3 O-O 16. Bg5 f6 17. Bd2 Rc8 18. Rac1 c5 19. Ne1 c4 20. bxc4 Rxc4
21. Qb1 Qc7 22. Nd3 Rc8 23. Rfe1 Ng6 24. Kh1 Qa7 25. Be3 Rxc1 26. Nxc1 Bxe3 27. Rxe3 Qd4 28. Ne2 Qe5 29. Ng3 Rc3 30. Rxc3 Qxc3
31. Nf5 Qc5 32. f3 Nf4 33. Ne7+ Kf7 34. Nc6 Qf2 35. Qg1 Qxa2 36. Qa7+ Kg6 37. Ne7+ Kg5 38. Qg1 b4 39. g3 Nxh3 40. Qe3+
1-0

[Event "Purim!"]
[Site "SchemingMind.com"]
[Date "2008.03.21"]
[Round "-"]
[White "capablanca"]
[Black "Miael_"]
[Result "1-0"]
[WhiteCountry "GER"]
[BlackCountry "ARG"]
[WhiteElo "1810"]
[WhiteRD "65"]
[BlackElo "1552"]
[BlackRD "62"]
[GameID "146869"]

1. d4 d5 2. c4 dxc4 3. Nc3 c6 4. e4 e5 5. Nf3 exd4 6. Qxd4 Qxd4 7. Nxd4 Bb4 8. Bxc4 Nf6 9. O-O O-O 10. Re1 Bxc3
11. bxc3 c5 12. Nb5 Na6 13. Nd6 Nc7 14. Nxc8 Raxc8 15. f3 b5 16. Bb3
1-0

[Event "Purim!"]
[Site "SchemingMind.com"]
[Date "2008.03.21"]
[Round "-"]
[White "capablanca"]
[Black "calidore"]
[Result "0-1"]
[WhiteCountry "GER"]
[BlackCountry "ISR"]
[WhiteElo "1810"]
[WhiteRD "65"]
[BlackElo "1983"]
[BlackRD "62"]
[GameID "146870"]

1. d4 Nf6 2. c4 e6 3. Nc3 d5 4. Nf3 Be7 5. Bf4 O-O 6. cxd5 Nxd5 7. Nxd5 exd5 8. e3 Be6 9. a3 c6 10. Bd3 Nd7
11. O-O Nf6 12. Qc2 h6 13. Ne5 Nh5 14. Bg3 Nxg3 15. fxg3 Bf6 16. Nf3 Re8 17. e4 dxe4 18. Bxe4 Bxd4+ 19. Nxd4 Qxd4+ 20. Kh1 Bd5
21. Bxd5 Qxd5 22. Rad1 Qb5 23. a4 Qe2 24. Qb3 Re7 25. h3 Rae8 26. Rf3 Qxd1+ 27. Qxd1 Re1+ 28. Qxe1 Rxe1+ 29. Kh2 Re2 30. b3 Kf8
31. Rd3 Ke7 32. g4 a6 33. Kg3 b5 34. axb5 cxb5 35. Kf3 Re6 36. Rd2= Rd6 37. Re2+ Kd7 38. Re3 Kc6 39. b4 Rf6+ 40. Kg3 Kd5
41. Re7 Kc4 42. Re4+ Kb3 43. Rd4 g5 44. h4 Rc6 45. hxg5 hxg5 46. Rd7 f6 47. Rd4 Rc3+ 48. Kf2 Rc4 49. Rd3+ Kxb4 50. Rd6 Rf4+
51. Kg3 a5 52. Kh3 a4 53. g3 Rf2 54. Rd4+ Kc3 55. Rxa4 Rh2+
0-1

[Event "Purim!"]
[Site "SchemingMind.com"]
[Date "2008.03.19"]
[Round "-"]
[White "capablanca"]
[Black "Archon"]
[Result "1-0"]
[WhiteCountry "GER"]
[BlackCountry "CAN"]
[WhiteElo "1810"]
[WhiteRD "65"]
[BlackElo "1776"]
[BlackRD "57"]
[GameID "146871"]

1. c4 e5 2. Nc3 d6 3. g3 f5 4. Bg2 Nf6 5. d3 Be7 6. Nf3 O-O 7. O-O Qe8 8. e4 Qh5 9. exf5 Bxf5 10. Nh4 Nc6
11. Qxh5 Nxh5 12. Nxf5 Rxf5 13. g4
1-0

[Event "Purim!"]
[Site "SchemingMind.com"]
[Date "2008.03.20"]
[Round "-"]
[White "capablanca"]
[Black "Clive Everill"]
[Result "1-0"]
[WhiteCountry "GER"]
[BlackCountry "CZE"]
[WhiteElo "1762"]
[WhiteRD "69"]
[BlackElo "1680"]
[BlackRD "52"]
[GameID "146872"]

1. e4 a6 2. d4 b5 3. Nf3 Bb7 4. Bd3 e6 5. O-O c5 6. dxc5 Bxc5 7. Nc3 Nf6 8. Bg5 h6 9. Bh4 g5 10. Bg3 d5
11. exd5 Nxd5 12. Ne4 Be7 13. Ne5 Nd7 14. Qh5 Nxe5 15. Bxe5 Nf6 16. Qf3 Bxe4 17. Bxe4 Rc8 18. Rfd1 Qb6 19. Bxf6 Bxf6 20. Qxf6 Rf8
21. Rd2 Rg8 22. Rad1 h5 23. Rd7
1-0

[Event "Purim!"]
[Site "SchemingMind.com"]
[Date "2008.03.20"]
[Round "-"]
[White "capablanca"]
[Black "roboam"]
[Result "1-0"]
[WhiteCountry "GER"]
[BlackCountry "ESP"]
[WhiteElo "1810"]
[WhiteRD "65"]
[BlackElo "1718"]
[BlackRD "74"]
[GameID "146873"]

1. d4 d5 2. c4 e6 3. Nc3 Nf6 4. Nf3 dxc4 5. e4 Bb4 6. Qc2 O-O 7. Bxc4 Nc6 8. Be3 Re8 9. O-O Na5 10. Bd3 Nc6
11. a3 Ba5 12. d5 exd5 13. Nxd5 Nxd5 14. exd5 Qxd5 15. Bxh7+ Kh8 16. Rad1 Qh5 17. Be4 Bd7 18. Rxd7 Ne5 19. Nxe5 Qxe5 20. Bxb7 Rab8
21. Rd5 Qe7 22. Rh5+
1-0

[Event "Purim!"]
[Site "SchemingMind.com"]
[Date "2008.03.20"]
[Round "-"]
[White "capablanca"]
[Black "mmccaffe"]
[Result "1-0"]
[WhiteCountry "GER"]
[BlackCountry "USA"]
[WhiteElo "1762"]
[WhiteRD "69"]
[BlackElo "1576"]
[BlackRD "52"]
[GameID "146874"]

1. c4 Nf6 2. Nc3 c6 3. d4 d5 4. Nf3 dxc4 5. e4 Bg4 6. Be3 e5 7. Bxc4 b5 8. Bxf7+ Kxf7 9. Nxe5+ Ke8 10. Nxg4 b4
11. Nxf6+ Qxf6 12. Ne2
1-0

[Event "Purim!"]
[Site "SchemingMind.com"]
[Date "2008.03.20"]
[Round "-"]
[White "capablanca"]
[Black "MazetaFighter"]
[Result "0-1"]
[WhiteCountry "GER"]
[BlackCountry "GRE"]
[WhiteElo "1810"]
[WhiteRD "65"]
[BlackElo "2002"]
[BlackRD "69"]
[GameID "146875"]

1. e4 e5 2. Nf3 Nc6 3. Bb5 a6 4. Ba4 d6 5. h3 b5 6. Bb3 Na5 7. a3 Nxb3 8. cxb3 Nf6 9. d3 Be7 10. O-O Bb7
11. Be3 c5 12. Nc3 O-O 13. Rc1 d5 14. exd5 Nxd5 15. Nxe5 Nxe3 16. fxe3 Qd6 17. Nf3 Rad8 18. Ne1 Qg3 19. e4 b4 20. Rf3 Qe5
21. Rf5 Qd4+ 22. Kh1 bxc3 23. bxc3 Qd6 24. Qh5 g6 25. Qe2 gxf5
0-1

[Event "Purim!"]
[Site "SchemingMind.com"]
[Date "2008.03.20"]
[Round "-"]
[White "agarr"]
[Black "capablanca"]
[Result "1-0"]
[WhiteCountry "RUS"]
[BlackCountry "GER"]
[WhiteElo "1739"]
[WhiteRD "67"]
[BlackElo "1762"]
[BlackRD "69"]
[GameID "146876"]

1. e4 c5 2. Nf3 Nc6 3. Bb5 g6 4. Nc3 Bg7 5. O-O a6 6. Bxc6 bxc6 7. e5 d5 8. exd6 exd6 9. d4 cxd4 10. Nxd4 Ne7
11. Re1 O-O 12. Bg5 f6 13. Bf4 c5 14. Ne6 Bxe6 15. Rxe6 d5 16. Rd6 Qc8 17. Nxd5 Nf5 18. Nb6 Qc7 19. Nxa8 Rxa8 20. Rxa6 Qb7
21. Rxa8+ Qxa8 22. c3 Nh4 23. f3 Nf5 24. Qb3+ Kf8 25. Rd1 Bh6 26. Bxh6+ Nxh6 27. Rd5 Qe8 28. Qc4 Nf5 29. Qxc5+ Kg8 30. Rd1
1-0

[Event "Purim!"]
[Site "SchemingMind.com"]
[Date "2008.03.21"]
[Round "-"]
[White "Miael_"]
[Black "capablanca"]
[Result "0-1"]
[WhiteCountry "ARG"]
[BlackCountry "GER"]
[WhiteElo "1552"]
[WhiteRD "62"]
[BlackElo "1810"]
[BlackRD "65"]
[GameID "146877"]

1. e4 e5 2. f4 Bc5 3. Nf3 d6 4. Bc4 Nf6 5. Nc3 O-O 6. d3 Nc6 7. f5 Nd4 8. Bg5 h6 9. Bxf6 Qxf6 10. Nd5 Nxf3+
11. Qxf3 Qd8 12. g4 Qh4+ 13. Qg3 Qxg3+ 14. hxg3 c6 15. Ne7+ Kh7
0-1

[Event "Purim!"]
[Site "SchemingMind.com"]
[Date "2008.03.24"]
[Round "-"]
[White "calidore"]
[Black "capablanca"]
[Result "1-0"]
[WhiteCountry "ISR"]
[BlackCountry "GER"]
[WhiteElo "1983"]
[WhiteRD "62"]
[BlackElo "1810"]
[BlackRD "65"]
[GameID "146878"]

1. e4 d5 2. exd5 Qxd5 3. Nc3 Qa5 4. d4 Nf6 5. Nf3 Bg4 6. Be2 e6 7. Bd2 c6 8. O-O Bd6 9. Nb5 Qd8 10. Nxd6+ Qxd6
11. c3 O-O 12. h3 Bh5 13. Ne5 Bxe2 14. Qxe2 Nbd7 15. Bf4 Qe7 16. Bg5 Qd6 17. Rfe1 Nd5 18. Bh4 f6 19. Nc4 Qe7 20. Qxe6+ Qxe6
21. Rxe6 Rfe8 22. Rae1 Rxe6 23. Rxe6 Kf7 24. Re1 b6 25. Bg3 g6 26. Ne3 Nxe3 27. Rxe3 Re8 28. Rxe8 Kxe8 29. f3 Ke7 30. Kf2 Ke6
31. Ke3 g5 32. h4 h6 33. hxg5 hxg5 34. Bc7 f5 35. g3 b5 36. Bd8 Nf6 37. Bxf6 Kxf6 38. b3 Ke6 39. g4 fxg4 40. fxg4 Kd5
41. a3 a5 42. Kd3 Kd6 43. Ke4 Ke6 44. c4 bxc4 45. bxc4 a4 46. d5+ cxd5+ 47. cxd5+ Kd6 48. Kd4 Kd7 49. Ke5 Ke7 50. d6+ Kd7
51. Kd5 Kd8 52. Ke6 Ke8 53. Kf6 Kd7 54. Kxg5 Kxd6 55. Kf6
1-0

[Event "Purim!"]
[Site "SchemingMind.com"]
[Date "2008.03.20"]
[Round "-"]
[White "Archon"]
[Black "capablanca"]
[Result "0-1"]
[WhiteCountry "CAN"]
[BlackCountry "GER"]
[WhiteElo "1776"]
[WhiteRD "57"]
[BlackElo "1810"]
[BlackRD "65"]
[GameID "146879"]

1. Nf3 Nf6 2. c4 c5 3. g3 Nc6 4. d4 cxd4 5. Nxd4 g6 6. Bg2 Bg7 7. Nc2 d6 8. Nc3 O-O 9. O-O Be6 10. Qd3 Ne5
11. Qd1 Nxc4 12. Ne3 Nxe3 13. Bxe3 Qd7 14. Rc1 a6 15. Bb6 Bh3 16. Re1 Bxg2 17. Kxg2 Qc6+ 18. Nd5 Qxd5+
0-1

[Event "Purim!"]
[Site "SchemingMind.com"]
[Date "2008.03.20"]
[Round "-"]
[White "Clive Everill"]
[Black "capablanca"]
[Result "0-1"]
[WhiteCountry "CZE"]
[BlackCountry "GER"]
[WhiteElo "1669"]
[WhiteRD "47"]
[BlackElo "1810"]
[BlackRD "65"]
[GameID "146880"]

1. Nf3 Nf6 2. g3 g6 3. Bg2 Bg7 4. O-O O-O 5. d4 d5 6. Bf4 Nc6 7. Nc3 Bf5 8. a3 Ne4 9. Nxe4 Bxe4 10. Ng5 Bxg2
11. Kxg2 Nxd4 12. c3 Nf5 13. e4 dxe4 14. Nxe4 Qxd1 15. Rfxd1 c6 16. Rd7 b6 17. Rad1 e5 18. Bc1 Rfe8 19. Ng5 Re7 20. Rxe7 Nxe7
21. Rd7 Bf6 22. Ne4 Kg7 23. Bh6+ Kxh6 24. Nxf6 Nd5 25. Rxf7 Nxf6 26. Rxf6 c5 27. Re6 Kg7 28. Rxe5 Kf6 29. f4 Rd8 30. Re2 Rd3
31. g4 h5 32. gxh5 gxh5 33. Kf2 Rh3 34. Kg2 Rd3 35. Rf2 Kf5 36. h3 h4 37. Kh2 Rg3 38. c4 a6 39. Rg2= Rxg2+ 40. Kxg2 Kxf4
41. Kf2 Ke4 42. Ke2 Kd4 43. Kf3 Kxc4 44. Kg4 Kb3 45. Kxh4 Kxb2 46. Kg4 c4 47. h4 c3
0-1

[Event "Purim!"]
[Site "SchemingMind.com"]
[Date "2008.03.20"]
[Round "-"]
[White "roboam"]
[Black "capablanca"]
[Result "0-1"]
[WhiteCountry "ESP"]
[BlackCountry "GER"]
[WhiteElo "1718"]
[WhiteRD "74"]
[BlackElo "1810"]
[BlackRD "65"]
[GameID "146881"]

1. e4 c5 2. Nf3 Nc6 3. d4 cxd4 4. Nxd4 g6 5. Nc3 Bg7 6. Be3 Nf6 7. Be2 O-O 8. O-O d6 9. Nf3 Bd7 10. Qc1 Ng4
11. Bd2 a6 12. h3 Nge5 13. Nxe5 Nxe5 14. Bh6 Rc8 15. Bxg7 Kxg7 16. f4 Nc6 17. Qd1 Qb6+ 18. Kh1 Qxb2 19. Nd5 Qd4 20. Qxd4+ Nxd4
21. Bd3 Nxc2 22. Bxc2 Rxc2 23. Rfc1 Rxc1+ 24. Rxc1 e6 25. Nb6 Bc6 26. Nc4 Rd8 27. Re1 d5 28. Ne5 Ba4 29. exd5 Rxd5 30. Nc4 Rd4
31. Nb6 Rxf4 32. Rb1 Bb5 33. Nc8 Rf1+ 34. Rxf1 Bxf1 35. Nd6 b5 36. a3 Kf8 37. Kg1 Bd3 38. Nb7 Ke7 39. Nc5 Bc2 40. Nxa6 Kd6
41. Nb4 Bb1 42. Kf2 f5 43. Ke2 e5 44. Kd2 f4 45. Kc1 Be4
0-1